| 000 | 00588nam a2200145 a 4500 | ||
|---|---|---|---|
| 008 | 090211s2004 ||||||||||||||||| || u | ||
| 050 | _aUNO(02) | ||
| 245 | 0 | 0 |
_aInternational instruments related to the prevention and suppression of international terrorism _cBy the United Nations |
| 260 |
_aNew York _bUNITED NATIONS _c2004 |
||
| 300 | _aviii, 323p. | ||
| 350 | _a0.00 | ||
| 650 | _aTERRORISM--PREVENTION | ||
| 650 | _aTERRORISM | ||
| 995 |
_D0.00 _FCBU-MAIN LIBRARY (Kitwe) _H1 _I0.00 _M1 _UAVAILABLE _WFeb 11, 2009 _ZInternational Publications |
||
| 999 |
_c47404 _d47404 |
||